[Event "AUTO-INT-1573"]
[Site "http://www.queenalice.com/game.php?id=782814"]
[Date "2010.5.30"]
[Round "2"]
[White "brido83"]
[Black "ciceroeduardo"]
[Result "1-0"]
[WhiteElo "1766"]
[BlackElo "1443"]

1. e4 e5 2. Nf3 Nc6 3. Bb5 a6 4. Ba4 b5 5. Bb3 Nf6 6. O-O d5 7. exd5 Nxd5 8. Re1
Qd6 9. d4 f6 10. dxe5 fxe5 11. Qxd5 Qxd5 12. Bxd5 Bd7 13. Nxe5 1-0

[Event "AUTO-INT-1573"]
[Site "http://www.queenalice.com/game.php?id=782817"]
[Date "2010.5.30"]
[Round "2"]
[White "brido83"]
[Black "Drifter"]
[Result "0-1"]
[WhiteElo "1786"]
[BlackElo "1656"]

1. e4 e5 2. Nf3 Nc6 3. Bb5 Qf6 4. O-O Bc5 5. c3 a6 6. Ba4 Nge7 7. Re1 b5 8. Bb3
O-O 9. d3 h6 10. Be3 Bxe3 11. fxe3 Na5 12. Bc2 d5 13. exd5 Nxd5 14. e4 Nf4 15.
d4 Nc4 16. b4 Bg4 17. Rf1 Ne3 18. Qc1 Nxf1 19. Qxf1 exd4 20. cxd4 Bxf3 21. e5
Qc6 22. Qxf3 Qxc2 23. Qf2 Ne2+ 24. Kh1 Qc1+ 0-1

[Event "AUTO-INT-1573"]
[Site "http://www.queenalice.com/game.php?id=782818"]
[Date "2010.5.30"]
[Round "2"]
[White "Drifter"]
[Black "brido83"]
[Result "0-1"]
[WhiteElo "1675"]
[BlackElo "1765"]

1. e4 e6 2. Nc3 d5 3. Nf3 Bb4 4. d3 dxe4 5. dxe4 Qxd1+ 6. Kxd1 Nc6 7. Bd2 Nf6 8.
h3 Bd7 9. e5 Bxc3 10. Bxc3 Nd5 11. Bd4 Nxd4 12. Nxd4 c5 13. Nf3 O-O 14. Bd3 Bc6
15. c3 Nf4 16. Ng5 Nxd3 17. Kd2 Nxf2 18. Rhf1 Ne4+ 19. Nxe4 Bxe4 20. g4 Rfd8+
21. Ke3 Bg2 22. Rg1 Bd5 23. a3 Bb3 24. h4 Rd5 25. Kf4 Rad8 26. Rg3 Rd2 0-1

[Event "QA-ANNIV-05"]
[Site "http://www.queenalice.com/game.php?id=793699"]
[Date "2010.6.23"]
[Round "5"]
[White "nadigo"]
[Black "brido83"]
[Result "1-0"]
[WhiteElo "1826"]
[BlackElo "1777"]

1. e4 e6 2. Nf3 d5 3. exd5 exd5 4. Bb5+ c6 5. Qe2+ Qe7 6. Bd3 Qxe2+ 7. Bxe2 Bg4
8. h3 Bf5 9. Nd4 Be4 10. f3 Bg6 11. d3 Nf6 12. Nc3 Bd6 13. f4 h6 14. a3 Nbd7 15.
Be3 O-O-O 16. O-O Bh5 17. Bxh5 Nxh5 18. Nf5 g6 19. Nxd6+ 1-0

[Event "AUTO-INT-1597"]
[Site "http://www.queenalice.com/game.php?id=797434"]
[Date "2010.7.1"]
[Round "3"]
[White "brido83"]
[Black "pavol1090321"]
[Result "1-0"]
[WhiteElo "1804"]
[BlackElo "1920"]

1. e4 e5 2. Nf3 Nc6 3. Bb5 Nd4 4. Nxd4 exd4 5. O-O Qg5 6. Be2 d6 7. d3 Qg6 8. c3
Bh3 9. Bf3 Nf6 10. Bf4 Ng4 11. Bxg4 Bxg4 12. f3 Bh3 13. Bg3 dxc3 14. Nxc3 Bd7
15. Qb3 b6 16. Nd5 Kd8 17. Qc4 c6 18. Nc3 h5 19. Qa6 Bc8 20. Qa4 Bd7 21. Qa6 h4
22. Bf2 Bh3 23. g4 Bxf1 24. Kxf1 Qf6 25. Rc1 Qe7 26. Bxb6+ Ke8 27. Be3 f6 28.
Qxc6+ Kf7 29. Qxa8 h3 30. Nd5 Qe5 31. Rc7+ Kg6 32. d4 Qxh2 33. Nf4+ Kh7 34. Qe8
Kg8 35. Rxg7+ Kxg7 36. Qg6# 1-0

[Event "AUTO-INT-1597"]
[Site "http://www.queenalice.com/game.php?id=797435"]
[Date "2010.7.1"]
[Round "3"]
[White "pavol1090321"]
[Black "brido83"]
[Result "1-0"]
[WhiteElo "1894"]
[BlackElo "1778"]

1. e4 c5 2. Bc4 e6 3. Nc3 Nc6 4. d3 d6 5. a3 Nf6 6. Bg5 Be7 7. h3 a6 8. a4 Bd7
9. Ra3 Nd4 10. Nf3 O-O 11. O-O b5 12. axb5 axb5 13. Rxa8 Qxa8 14. Nxd4 cxd4 15.
Nxb5 e5 16. Bxf6 Bxf6 17. Nxd6 Qc6 18. Nxf7 Rxf7 19. Bxf7+ Kxf7 20. Qh5+ Kg8 21.
Ra1 g6 22. Qe2 Be6 23. Qd2 Qb5 24. Ra8+ Kg7 25. Ra7+ Bf7 26. c4 dxc3 27. Qxc3
Bd8 28. g4 Bh4 29. Qc7 Qb3 30. Qxe5+ Bf6 31. Qf4 Qxb2 32. g5 1-0

[Event "AUTO-INT-1597"]
[Site "http://www.queenalice.com/game.php?id=797436"]
[Date "2010.7.1"]
[Round "3"]
[White "brido83"]
[Black "dorszu"]
[Result "1-0"]
[WhiteElo "1769"]
[BlackElo "1683"]

1. e4 c5 2. Nf3 Nc6 3. d4 cxd4 4. Nxd4 Nxd4 5. Qxd4 a6 6. Nc3 e6 7. Bc4 b5 8.
Bb3 Bb7 9. O-O d6 10. Re1 Nf6 11. Bg5 Be7 12. Rad1 e5 13. Qd2 h6 14. Bxf6 Bxf6
15. Bd5 Bxd5 16. Nxd5 Bg5 17. Qb4 O-O 18. b3 Rb8 19. Qa3 a5 20. Qb2 b4 21. c4
Re8 22. Rd3 Re6 23. Red1 Rc8 24. Qe2 Rg6 25. f3 h5 26. Qf2 Rb8 27. h4 Bh6 28. f4
exf4 29. Nxf4 Bxf4 30. Qxf4 Qf6 31. Qxf6 Rxf6 32. Rxd6 Rxd6 33. Rxd6 Rc8 34. Rd5
Re8 35. e5 g6 36. Kf2 Re6 37. Ke3 f6 38. Ke4 fxe5 39. Rxe5 Rxe5+ 40. Kxe5 Kf7
41. c5 Ke7 42. g3 Kd7 43. Kd5 Kc7 44. c6 Kd8 45. Kd6 Kc8 46. c7 1-0

[Event "AUTO-INT-1597"]
[Site "http://www.queenalice.com/game.php?id=797437"]
[Date "2010.7.1"]
[Round "3"]
[White "dorszu"]
[Black "brido83"]
[Result "0-1"]
[WhiteElo "1727"]
[BlackElo "1751"]

1. c4 Nf6 2. d4 g6 3. Nc3 Bg7 4. Nf3 d6 5. g3 O-O 6. Bg2 Bg4 7. b3 Nbd7 8. O-O
c5 9. Bb2 cxd4 10. Nxd4 Rb8 11. Ncb5 Nc5 12. Nxa7 e6 13. h3 Bf5 14. Nxf5 exf5
15. f4 Qb6 16. Nb5 Nxb3+ 17. Kh1 Nxa1 18. Qxa1 Ne8 19. Bxg7 Nxg7 20. Rb1 Qf2 21.
Nxd6 Nh5 22. g4 Nxf4 23. Rg1 Nxe2 24. Rf1 Ng3+ 25. Kh2 Nxf1+ 26. Qxf1 Qxf1 27.
Bxf1 Rfd8 28. c5 fxg4 29. hxg4 Rd7 30. a4 Ra8 31. Bb5 Rc7 32. Nxb7 Rxb7 33. Bc6
Rbb8 34. Bxa8 Rxa8 0-1

[Event "AUTO-OPEN-1676"]
[Site "http://www.queenalice.com/game.php?id=799283"]
[Date "2010.7.5"]
[Round "2"]
[White "rocha"]
[Black "brido83"]
[Result "0-1"]
[WhiteElo "1672"]
[BlackElo "1766"]

1. e4 e6 2. d4 d5 3. Bd3 c5 4. Bb5+ Bd7 5. a4 Qa5+ 6. Bd2 Qb6 7. Bxd7+ Nxd7 8.
Ra2 cxd4 9. Qf3 Ngf6 10. h3 dxe4 11. Qb3 Qc6 12. Ne2 Bc5 13. f3 e3 14. Bc1 Nd5
15. c4 Nb4 16. Nxd4 Bxd4 17. Ra3 a5 18. Ke2 Nc5 19. Qd1 Qd6 20. Bxe3 e5 21. Re1
Rd8 22. Kf2 O-O 23. Re2 Bxe3+ 24. Raxe3 Qxd1 25. Re1 Qc2+ 26. Kg3 f6 27. b3 Ne6
28. Na3 Qg6+ 29. Kh2 Rd2 30. R1e2 Rfd8 31. Re4 Nf4 0-1

[Event "AUTO-OPEN-1676"]
[Site "http://www.queenalice.com/game.php?id=799284"]
[Date "2010.7.5"]
[Round "2"]
[White "brido83"]
[Black "rocha"]
[Result "0-1"]
[WhiteElo "1767"]
[BlackElo "1600"]

1. e4 e5 2. Nf3 d6 3. Bc4 Bd7 4. d4 f6 5. Be3 b5 6. Bb3 Ne7 7. Nc3 f5 8. exf5
Nxf5 9. dxe5 dxe5 10. Nxe5 Bd6 11. Nf7 Nxe3 12. fxe3 Qh4+ 13. g3 Bxg3+ 14. hxg3
Qxh1+ 15. Ke2 Bg4+ 0-1

[Event "AUTO-OPEN-1676"]
[Site "http://www.queenalice.com/game.php?id=799293"]
[Date "2010.7.5"]
[Round "2"]
[White "drow"]
[Black "brido83"]
[Result "0-1"]
[WhiteElo "2245"]
[BlackElo "1827"]

1. b4 Nf6 2. Bb2 e6 3. b5 d5 4. Nf3 c5 5. e3 Bd6 6. Be2 O-O 7. O-O b6 8. d3 Bb7
9. Nbd2 Re8 10. Ne5 Nbd7 11. f4 Qc7 12. Ndf3 Rf8 13. Qe1 Rac8 14. Qg3 c4 15.
Nxd7 c3 16. Nxf6+ Kh8 17. Nh5 Rg8 18. Bc1 f5 19. Qh4 Qf7 20. Ng5 Qg6 21. Rf3 d4
22. Rh3 Rge8 23. Nxh7 Qxg2# 0-1

[Event "AUTO-OPEN-1676"]
[Site "http://www.queenalice.com/game.php?id=799294"]
[Date "2010.7.5"]
[Round "2"]
[White "brido83"]
[Black "drow"]
[Result "0-1"]
[WhiteElo "1857"]
[BlackElo "2240"]

1. e4 d6 2. d4 Nf6 3. Nc3 Nbd7 4. Bc4 e5 5. d5 Be7 6. Nf3 O-O 7. Bg5 Nxd5 8.
Bxe7 Nxe7 9. O-O Nc5 10. Re1 Be6 11. Nd5 Ng6 12. Bf1 f5 13. exf5 Bxf5 14. Bc4
Kh8 15. b4 Ne6 16. Ne3 Ng5 17. Nxg5 Qxg5 18. Qd5 Nf4 19. Qf3 Nh3+ 20. Kh1 Bg4
21. Qg3 Nxf2+ 22. Kg1 Rf4 23. Bd5 Qg6 24. Nxg4 Nxg4 0-1

[Event "AUTO-OPEN-1676"]
[Site "http://www.queenalice.com/game.php?id=799301"]
[Date "2010.7.5"]
[Round "2"]
[White "brido83"]
[Black "ezequiel_2001"]
[Result "1-0"]
[WhiteElo "1782"]
[BlackElo "1939"]

1. e4 c5 2. Nf3 d6 3. d4 cxd4 4. Nxd4 Nf6 5. Nc3 a6 6. Bg5 h6 7. Bh4 e6 8. Bd3
Be7 9. O-O O-O 10. Re1 Nbd7 11. Qd2 Ne5 12. Bg3 Nxd3 13. Qxd3 e5 14. Nf5 Bxf5
15. exf5 Qb6 16. Rab1 Rfd8 17. Nd5 Nxd5 18. Qxd5 Bf6 19. c4 Rac8 20. b3 Rc5 21.
Qe4 Ra5 22. a4 Qb4 23. Bh4 d5 24. Qg4 Bxh4 25. Qxh4 Re8 26. Qg3 dxc4 27. bxc4
Qxc4 28. Rxb7 Rxa4 29. f6 Qg4 30. Qb3 Rc4 31. fxg7 Kxg7 32. h3 Qf4 33. Ra7 Rec8
34. Qg3+ Qxg3 35. fxg3 e4 36. Rxa6 Re8 37. Ra2 e3 38. Rae2 Rce4 39. g4 R8e5 40.
g3 Kg6 41. Kg2 h5 42. gxh5+ Kxh5 43. Kf3 f5 44. Rxe3 Rxe3+ 45. Rxe3 Rxe3+ 46.
Kxe3 Kg5 47. Kf3 1-0

[Event "AUTO-OPEN-1676"]
[Site "http://www.queenalice.com/game.php?id=799302"]
[Date "2010.7.5"]
[Round "2"]
[White "ezequiel_2001"]
[Black "brido83"]
[Result "1-0"]
[WhiteElo "1930"]
[BlackElo "1767"]

1. e4 e6 2. Nf3 d5 3. exd5 exd5 4. Bd3 Bd6 5. O-O Nf6 6. c3 O-O 7. Bc2 c6 8. d4
Bg4 9. h3 Bxf3 10. Qxf3 Nbd7 11. Bg5 Qc7 12. Nd2 Rfe8 13. Rae1 h6 14. Bh4 Bf4
15. Rxe8+ Rxe8 16. Nb3 Ne4 17. Re1 Ndf6 18. Bxf6 Nxf6 19. Rxe8+ Nxe8 20. Nc5 Nf6
21. Nd3 Bd6 22. a3 Ne4 23. Ne1 Bh2+ 24. Kh1 Nd2 25. Qd3 Ne4 26. Qf3 Nd2 27. Qf5
Nc4 28. Qh7+ Kf8 29. Qh8+ Ke7 30. Qxg7 Bf4 31. Nf3 Nxb2 32. Ne5 Bxe5 33. dxe5
Ke6 34. Qf6+ Kd7 35. Qxf7+ Kc8 36. Qe8+ Qd8 37. Bf5+ 1-0

[Event "AUTO-OPEN-1668"]
[Site "http://www.queenalice.com/game.php?id=801091"]
[Date "2010.7.10"]
[Round "2"]
[White "drd123"]
[Black "brido83"]
[Result "1-0"]
[WhiteElo "2135"]
[BlackElo "1742"]

1. Nf3 d5 2. g3 Nf6 3. Bg2 c6 4. d3 Bg4 5. O-O Nbd7 6. Nbd2 Qc7 7. Re1 e6 8. e4
e5 9. exd5 cxd5 10. h3 Be6 11. Nf1 Bd6 12. Bd2 Nc5 13. Ng5 Bf5 14. d4 Ncd7 15.
dxe5 Bxe5 16. f4 O-O 17. fxe5 Nxe5 18. Bf4 Rfe8 19. Bxe5 Rxe5 20. Nf3 Qb6+ 21.
Kh1 Rxe1 22. Nxe1 Qf2 23. Nd3 Be4 24. Nxf2 1-0

[Event "AUTO-OPEN-1668"]
[Site "http://www.queenalice.com/game.php?id=801092"]
[Date "2010.7.10"]
[Round "2"]
[White "brido83"]
[Black "drd123"]
[Result "0-1"]
[WhiteElo "1744"]
[BlackElo "2134"]

1. e4 g6 2. d4 Bg7 3. Nc3 d6 4. Bg5 h6 5. Be3 Nd7 6. Bc4 e6 7. Nf3 Ne7 8. O-O
O-O 9. Qd2 Kh7 10. Ne2 Nb6 11. Bd3 d5 12. e5 Bd7 13. Nf4 a6 14. c3 Nbc8 15. Qc2
Na7 16. Nxg6 fxg6 17. Nh4 Be8 18. Qd2 Bb5 19. Bxh6 Bxh6 20. Qc2 Bxd3 21. Qxd3
Nf5 22. Nf3 Nc8 0-1

[Event "AUTO-OPEN-1668"]
[Site "http://www.queenalice.com/game.php?id=801097"]
[Date "2010.7.10"]
[Round "2"]
[White "brido83"]
[Black "ads"]
[Result "0-1"]
[WhiteElo "1769"]
[BlackElo "2581"]

1. e4 d5 2. e5 c5 3. d4 cxd4 4. Qxd4 Nc6 5. Qf4 g6 6. Bb5 Bh6 7. Qxh6 Nxh6 8.
Bxh6 Qa5+ 9. Nc3 d4 10. Bxc6+ bxc6 11. Nf3 dxc3 12. b3 Bg4 0-1

[Event "AUTO-OPEN-1668"]
[Site "http://www.queenalice.com/game.php?id=801098"]
[Date "2010.7.10"]
[Round "2"]
[White "ads"]
[Black "brido83"]
[Result "1-0"]
[WhiteElo "2580"]
[BlackElo "1765"]

1. e4 e6 2. e5 d5 3. d4 c5 4. c3 Nc6 5. Nf3 cxd4 6. cxd4 Bb4+ 7. Nc3 Nge7 8. Bd3
O-O 9. Bxh7+ Kh8 10. Ng5 Nf5 11. Bxf5 1-0

[Event "AUTO-OPEN-1863"]
[Site "http://www.queenalice.com/game.php?id=801364"]
[Date "2010.7.10"]
[Round "2"]
[White "brido83"]
[Black "Zell49"]
[Result "0-1"]
[WhiteElo "1830"]
[BlackElo "2016"]

1. e4 d5 2. exd5 Qxd5 3. Nc3 Qa5 4. d4 Nf6 5. Nf3 Ne4 6. Qd3 Nxc3 7. bxc3 g6 8.
Bd2 Bg7 9. Be2 Bf5 10. Qb5+ Qxb5 11. Bxb5+ c6 12. Bd3 Bxd3 13. cxd3 Nd7 14. O-O
O-O 15. Rab1 b6 16. Rfe1 e6 17. Bf4 Nf6 18. Ne5 Nd5 19. Bd2 c5 20. dxc5 Bxe5 21.
Rxe5 bxc5 22. c4 Nb6 23. Rxc5 Rad8 24. Rb3 Rd4 25. Be3 Rd7 26. Rcb5 Nxc4 27. Rb7
Rfd8 28. h3 Rxb7 29. Rxb7 Nxe3 30. fxe3 Rxd3 31. Rxa7 Rxe3 32. Kf2 Rc3 33. a4
Ra3 34. Ra5 Kg7 35. Ke1 e5 36. Rxe5 Rxa4 37. Kf2 Kf6 38. Rb5 g5 39. Kf3 h5 40.
g3 Kg6 41. Rb6+ f6 42. Ke3 Kf5 43. Rb5+ Kg6 44. Rb6 Ra3+ 45. Kf2 h4 0-1

[Event "AUTO-OPEN-1863"]
[Site "http://www.queenalice.com/game.php?id=801365"]
[Date "2010.7.10"]
[Round "2"]
[White "Zell49"]
[Black "brido83"]
[Result "1/2-1/2"]
[WhiteElo "1947"]
[BlackElo "1825"]

1. d4 d5 2. Nc3 Nf6 3. Nf3 c6 4. Bg5 e6 5. e4 dxe4 6. Nxe4 Be7 7. Nxf6+ Bxf6 8.
Bxf6 Qxf6 9. Bd3 O-O 10. O-O Nd7 11. Re1 Re8 12. Ne5 Nb6 13. Qh5 h6 14. Re3 Nd5
15. Rf3 Nf4 16. Qxf7+ Qxf7 17. Nxf7 Kxf7 18. Rxf4+ Kg8 19. Re1 b6 20. Be4 Bd7
21. c4 Rac8 22. h3 c5 23. dxc5 Rxc5 24. Rd1 Bc6 25. b4 Rxc4 26. Bh7+ Kxh7 27.
Rxc4 Bd5 28. Rcd4 Rc8 29. a4 Rc2 30. Kh2 Rxf2 31. R1d2 Rf7 32. a5 b5 33. Rxd5
exd5 34. Rxd5 a6 35. Rd6 Rf6 36. Rd4 1/2-1/2

[Event "AUTO-OPEN-1863"]
[Site "http://www.queenalice.com/game.php?id=801366"]
[Date "2010.7.10"]
[Round "2"]
[White "brido83"]
[Black "pjhunt"]
[Result "0-1"]
[WhiteElo "1829"]
[BlackElo "2308"]

1. e4 c5 2. Nf3 d6 3. d4 cxd4 4. Nxd4 Nf6 5. Nc3 a6 6. Bg5 e6 7. Bc4 Be7 8. O-O
Nxe4 9. Bxe7 Nxc3 10. Bxd8 Nxd1 11. Raxd1 Kxd8 12. Rfe1 b5 13. Bf1 e5 14. Nf3
Ke7 15. Nd4 Be6 16. Nxe6 fxe6 17. g3 Nd7 18. Bg2 Rac8 0-1

[Event "AUTO-OPEN-1863"]
[Site "http://www.queenalice.com/game.php?id=801367"]
[Date "2010.7.10"]
[Round "2"]
[White "pjhunt"]
[Black "brido83"]
[Result "1-0"]
[WhiteElo "2298"]
[BlackElo "1831"]

1. c4 Nf6 2. Nc3 c5 3. Nf3 d6 4. d4 cxd4 5. Nxd4 Nc6 6. e4 e6 7. Be3 Bd7 8. Ndb5
a6 9. Nxd6+ Bxd6 10. Qxd6 a5 11. Nb5 Rc8 12. f3 Qe7 13. Qxe7+ Nxe7 14. Nd6+ Kf8
15. Nxc8 Nxc8 16. e5 Ne8 17. Bc5+ Kg8 18. Rd1 1-0